000 00667nam a2200217Ii 4500
003 JO-AjNU
008 230605s9999||||xx |||||||||||||| ||und||
020 _a9953-32-169-8
040 _aJO-AjNU
_bara
_erda
_cJO-AjNU
041 _aara
050 1 4 _aD16.7.I2656.2007
100 3 _aابن خلدون، عبد الرحمن بن محمد,
_eauthor
_926322
245 0 0 _aمقدمة ابن خلدون
250 _aط1
264 3 1 _aبيروت: مؤسسة الرسالة، 2007
300 _a695ص
336 _atext
_btxt
_2rdacontent
337 _aunmediated
_bn
_2rdamedia
338 _avolume
_bnc
_2rdacarrier
650 4 _aالتاريخ الإسلامي
_926323
999 _aA9959
_c13527
_d13527